The world almanac and book of facts 2010 (Record no. 35017)

MARC details
000 -LEADER
fixed length control field 00624nam a22001817a 4500
005 - DATE AND TIME OF LATEST TRANSACTION
control field 2010040109419.0
008 - FIXED-LENGTH DATA ELEMENTS--GENERAL INFORMATION
fixed length control field 100401t xxu||||| |||| 00| 0 eng d
020 ## - INTERNATIONAL STANDARD BOOK NUMBER
International Standard Book Number 9781600571237
Terms of availability $12.99
037 ## - SOURCE OF ACQUISITION
Source of stock number/acquisition The American Library
040 ## - CATALOGING SOURCE
Original cataloging agency dpl
Language of cataloging English
245 ## - TITLE STATEMENT
Title The world almanac and book of facts 2010
260 ## - PUBLICATION, DISTRIBUTION, ETC. (IMPRINT)
Place of publication, distribution, etc New York
Name of publisher, distributor, etc World Almanac Books
Date of publication, distribution, etc 2010
270 ## - ADDRESS
City New York
Address 132 West 31st Street
Postal code 10001
300 ## - PHYSICAL DESCRIPTION
Extent 1008p.
Dimensions 22cm(pbk)
500 ## - GENERAL NOTE
General note The authority since 1868
942 ## - ADDED ENTRY ELEMENTS (KOHA)
Source of classification or shelving scheme Dewey Decimal Classification
Item type English Books
Call number suffix WOR
Holdings
Withdrawn status Lost status Source of classification or shelving scheme Damaged status Not for loan Home library Current library Date acquired Cost, normal purchase price Total Checkouts Full call number Date last seen Cost, replacement price Koha item type
    Dewey Decimal Classification   Ordered Andrews Gunj Andrews Gunj 01/04/2010 0.00   WOR 01/04/2010 0.00 English Books

© Delhi Public Library
Hit Counter
free hit counter